000 00732nam a2200193 i 4500
001 36828
003 ES-MaACL
005 20230906155441.0
007 t|
008 030219s1906 fr ||||1| fre d
100 1 _aBouvat, Lucien.
_931073
245 1 4 _aUne grammaire turque du huitième siècle de l'hégire
_b: la pénétration dans la langue des Turcs d'Abou Hayyan al-Gharnati /
_cpar Lucien Bouvat.
260 _aParis :
_bLeroux,
_c1906.
300 _a36 p. ;
_c25 cm.
500 _aExtrait du tome III des "Actes du XIVe Congrès international des orientalistes"
650 4 _aLengua turca.
_9140085
711 2 _aCongrès International des Orientalistes (
_n14.
_d1905.
_cAlger)
_9158584
852 _aES-MaACL
_jT-1115-F-3
999 _c36828
_d36828